[Event "M.Botvinnik Memorial 2012 Blitz"]
[Site "St. Petersburg"]
[Date "2012.08.24"]
[Round "10.3"]
[White "Andriasian, Zaven"]
[Black "Lintchevski, Daniil"]
[Result "1/2-1/2"]
[LiveChessVersion "1.3.1"]
[BlackElo "2558"]
[WhiteElo "2616"]

1. Nf3 {[%clk 0:03:02]} d5 {[%clk 0:03:03]} 2. g3 {[%clk 0:03:03]} c6
{[%clk 0:03:04]} 3. Bg2 {[%clk 0:03:04]} Bg4 {[%clk 0:03:04]} 4. c4
{[%clk 0:03:04]} e6 {[%clk 0:03:04]} 5. cxd5 {[%clk 0:03:01]} exd5
{[%clk 0:02:48]} 6. O-O {[%clk 0:02:58]} Nf6 {[%clk 0:02:46]} 7. d3
{[%clk 0:02:59]} Be7 {[%clk 0:02:39]} 8. Qc2 {[%clk 0:02:53]} O-O
{[%clk 0:02:37]} 9. e4 {[%clk 0:02:52]} Na6 {[%clk 0:02:22]} 10. a3
{[%clk 0:02:40]} Bh5 {[%clk 0:01:50]} 11. Nc3 {[%clk 0:02:38]} Nc5
{[%clk 0:01:36]} 12. Rd1 {[%clk 0:01:31]} Ne6 {[%clk 0:01:37]} 13. Ne2
{[%clk 0:01:24]} Qb6 {[%clk 0:01:18]} 14. Be3 {[%clk 0:01:20]} Bc5
{[%clk 0:01:14]} 15. d4 {[%clk 0:01:21]} Be7 {[%clk 0:01:12]} 16. e5
{[%clk 0:01:21]} Ne4 {[%clk 0:01:06]} 17. Nc3 {[%clk 0:01:18]} f5
{[%clk 0:00:58]} 18. exf6 {[%clk 0:01:10]} Nxf6 {[%clk 0:00:59]} 19. Re1
{[%clk 0:01:06]} Bxf3 {[%clk 0:00:57]} 20. Bxf3 {[%clk 0:01:07]} Rae8
{[%clk 0:00:47]} 21. Qd2 {[%clk 0:01:07]} Bd6 {[%clk 0:00:44]} 22. Re2
{[%clk 0:00:58]} Re7 {[%clk 0:00:40]} 23. Rae1 {[%clk 0:00:57]} Rfe8
{[%clk 0:00:42]} 24. h3 {[%clk 0:00:50]} h6 {[%clk 0:00:43]} 25. Bg2
{[%clk 0:00:50]} Qc7 {[%clk 0:00:36]} 26. b4 {[%clk 0:00:40]} a5 {[%clk 0:00:28]}
27. bxa5 {[%clk 0:00:30]} Bxa3 {[%clk 0:00:28]} 28. Qd3 {[%clk 0:00:22]} Bb4
{[%clk 0:00:26]} 29. a6 {[%clk 0:00:19]} bxa6 {[%clk 0:00:25]} 30. Rc1
{[%clk 0:00:16]} Qd7 {[%clk 0:00:17]} 31. Na4 {[%clk 0:00:16]} a5
{[%clk 0:00:17]} 32. Rec2 {[%clk 0:00:14]} Nd8 {[%clk 0:00:15]} 33. Nc5
{[%clk 0:00:13]} Qa7 {[%clk 0:00:16]} 34. Kh2 {[%clk 0:00:10]} Nd7
{[%clk 0:00:17]} 35. Na4 {[%clk 0:00:09]} Nf6 {[%clk 0:00:18]} 36. Nc5 Nd7 37.
Na4 {[%clk 0:00:10]} Nf6 {[%clk 0:00:20]} 38. Qg6 {[%clk 0:00:11]} Re6
{[%clk 0:00:13]} 39. Qf5 {[%clk 0:00:07]} Qf7 {[%clk 0:00:12]} 40. Nc5
{[%clk 0:00:07]} R6e7 {[%clk 0:00:12]} 41. Nd3 {[%clk 0:00:08]} Ne4
{[%clk 0:00:12]} 42. Qxf7+ {[%clk 0:00:09]} Rxf7 {[%clk 0:00:13]} 43. Ne5
{[%clk 0:00:10]} Rf6 {[%clk 0:00:13]} 44. Nxc6 {[%clk 0:00:11]} Nxc6
{[%clk 0:00:10]} 45. Rxc6 {[%clk 0:00:12]} Rxc6 {[%clk 0:00:08]} 46. Rxc6
{[%clk 0:00:14]} a4 {[%clk 0:00:08]} 47. Ra6 {[%clk 0:00:15]} a3 {[%clk 0:00:09]}
48. Bxe4 {[%clk 0:00:11]} Rxe4 {[%clk 0:00:10]} 49. Kg2 {[%clk 0:00:12]} Bc3
{[%clk 0:00:11]} 50. Rxa3 {[%clk 0:00:13]} Bxd4 {[%clk 0:00:13]} 1/2-1/2

[Event "M.Botvinnik Memorial 2012 Blitz"]
[Site "St. Petersburg"]
[Date "2012.08.24"]
[Round "10.4"]
[White "Bukavshin, Ivan"]
[Black "Khismatullin, Denis"]
[Result "1-0"]
[LiveChessVersion "1.3.1"]
[BlackElo "2607"]
[WhiteElo "2609"]

1. d4 {[%clk 0:03:03]} Nf6 {[%clk 0:03:03]} 2. c4 {[%clk 0:03:03]} e6
{[%clk 0:03:04]} 3. Nf3 {[%clk 0:03:04]} d5 {[%clk 0:03:04]} 4. Nbd2
{[%clk 0:03:03]} c5 {[%clk 0:02:36]} 5. cxd5 {[%clk 0:03:03]} Qxd5
{[%clk 0:02:36]} 6. e3 {[%clk 0:02:49]} cxd4 {[%clk 0:02:31]} 7. Bc4
{[%clk 0:02:41]} Qd8 {[%clk 0:02:20]} 8. Nxd4 {[%clk 0:02:39]} Bd7
{[%clk 0:02:09]} 9. O-O {[%clk 0:02:29]} Nc6 {[%clk 0:02:10]} 10. N2f3
{[%clk 0:02:28]} Nxd4 {[%clk 0:02:06]} 11. Qxd4 {[%clk 0:02:26]} Rc8
{[%clk 0:01:59]} 12. b3 {[%clk 0:02:23]} Bc5 {[%clk 0:01:55]} 13. Qh4
{[%clk 0:02:24]} b5 {[%clk 0:01:44]} 14. Bd3 {[%clk 0:02:08]} Bc6
{[%clk 0:01:23]} 15. Rd1 {[%clk 0:02:00]} Qe7 {[%clk 0:00:45]} 16. Bb2
{[%clk 0:02:00]} h6 {[%clk 0:00:30]} 17. Rac1 {[%clk 0:01:59]} Bxf3
{[%clk 0:00:27]} 18. Bxb5+ {[%clk 0:01:31]} Bc6 {[%clk 0:00:25]} 19. Bxc6+
{[%clk 0:01:30]} Rxc6 {[%clk 0:00:25]} 20. Qa4 {[%clk 0:01:27]} O-O
{[%clk 0:00:12]} 21. Qxc6 {[%clk 0:01:28]} Ba3 {[%clk 0:00:13]} 22. Bxf6
{[%clk 0:01:23]} Qxf6 {[%clk 0:00:12]} 23. Rc2 {[%clk 0:01:24]} a5
{[%clk 0:00:10]} 24. g3 {[%clk 0:01:24]} Qf5 {[%clk 0:00:10]} 25. Kg2 Bb4
{[%clk 0:00:10]} 26. Rd4 {[%clk 0:01:17]} e5 {[%clk 0:00:08]} 27. Qe4
{[%clk 0:01:13]} Qe6 {[%clk 0:00:03]} 28. Rdc4 {[%clk 0:01:12]} Re8
{[%clk 0:00:03]} 29. Qc6 {[%clk 0:01:10]} Qe7 {[%clk 0:00:04]} 30. Qxe8+
{[%clk 0:01:10]} 1-0

[Event "M.Botvinnik Memorial 2012 Blitz"]
[Site "St. Petersburg"]
[Date "2012.08.24"]
[Round "10.5"]
[White "Belozerov, Andrei"]
[Black "Zvjaginsev, Vadim"]
[Result "1/2-1/2"]
[LiveChessVersion "1.3.1"]
[BlackElo "2671"]
[WhiteElo "2504"]

1. d4 {[%clk 0:03:02]} Nf6 {[%clk 0:03:03]} 2. c4 {[%clk 0:03:03]} e6
{[%clk 0:03:04]} 3. g3 {[%clk 0:03:04]} Bb4+ {[%clk 0:03:05]} 4. Bd2
{[%clk 0:03:05]} Bxd2+ {[%clk 0:03:05]} 5. Qxd2 {[%clk 0:02:58]} O-O
{[%clk 0:03:05]} 6. Bg2 {[%clk 0:02:58]} d5 {[%clk 0:03:06]} 7. Nf3
{[%clk 0:02:45]} Qe7 {[%clk 0:03:07]} 8. O-O {[%clk 0:02:40]} c5 {[%clk 0:03:08]}
9. cxd5 {[%clk 0:02:34]} exd5 {[%clk 0:03:08]} 10. dxc5 {[%clk 0:02:30]} Qxc5
{[%clk 0:03:09]} 11. Rc1 {[%clk 0:02:14]} Qb6 {[%clk 0:03:00]} 12. Qd4
{[%clk 0:02:09]} Nc6 {[%clk 0:02:21]} 13. Qxb6 {[%clk 0:02:09]} axb6
{[%clk 0:02:21]} 14. Nc3 {[%clk 0:02:10]} Be6 {[%clk 0:02:22]} 15. e3
{[%clk 0:02:08]} Rfc8 {[%clk 0:02:13]} 16. Nb5 {[%clk 0:02:03]} Kf8
{[%clk 0:01:52]} 17. Nfd4 {[%clk 0:01:58]} Nxd4 {[%clk 0:01:49]} 18. Rxc8+
{[%clk 0:01:50]} Rxc8 {[%clk 0:01:48]} 19. Nxd4 {[%clk 0:01:51]} Ke7
{[%clk 0:01:47]} 20. Kf1 {[%clk 0:01:43]} Ng4 {[%clk 0:01:42]} 21. h3
{[%clk 0:01:39]} Ne5 {[%clk 0:01:40]} 22. Ke2 {[%clk 0:01:32]} Nc6
{[%clk 0:01:29]} 23. Rd1 {[%clk 0:01:26]} Nxd4+ {[%clk 0:01:22]} 24. Rxd4
{[%clk 0:01:27]} Rc2+ {[%clk 0:01:23]} 25. Rd2 {[%clk 0:01:28]} Rc5
{[%clk 0:01:24]} 26. a3 {[%clk 0:01:22]} g5 {[%clk 0:01:21]} 27. Rd4
{[%clk 0:01:15]} Rc2+ {[%clk 0:01:23]} 28. Rd2 {[%clk 0:01:17]} Rc5
{[%clk 0:01:24]} 29. Rd4 {[%clk 0:00:42]} Rc2+ {[%clk 0:01:25]} 30. Rd2
{[%clk 0:00:44]} Rc5 {[%clk 0:01:26]} 31. Rd4 {[%clk 0:00:38]} Rc2+
{[%clk 0:01:27]} 32. Rd2 {[%clk 0:00:40]} 1/2-1/2

[Event "M.Botvinnik Memorial 2012 Blitz"]
[Site "St. Petersburg"]
[Date "2012.08.24"]
[Round "10.6"]
[White "Maletin, Pavel"]
[Black "Ponkratov, Pavel"]
[Result "0-1"]
[LiveChessVersion "1.3.1"]
[BlackElo "2587"]
[WhiteElo "2600"]

1. c4 {[%clk 0:03:02]} e5 {[%clk 0:03:01]} 2. g3 {[%clk 0:03:01]} Nf6
{[%clk 0:03:01]} 3. Bg2 d5 4. cxd5 {[%clk 0:03:02]} Nxd5 {[%clk 0:03:04]} 5. Nc3
{[%clk 0:03:03]} Be6 {[%clk 0:03:05]} 6. Nf3 {[%clk 0:02:55]} Nc6
{[%clk 0:03:06]} 7. O-O Nb6 8. a3 {[%clk 0:02:35]} a5 {[%clk 0:02:55]} 9. d3
{[%clk 0:02:33]} Be7 {[%clk 0:02:54]} 10. Be3 {[%clk 0:02:17]} f5
{[%clk 0:02:52]} 11. Na4 {[%clk 0:01:49]} Nd5 {[%clk 0:02:52]} 12. Bc5
{[%clk 0:01:47]} Bf6 {[%clk 0:02:52]} 13. e4 {[%clk 0:01:45]} Nde7
{[%clk 0:02:53]} 14. d4 {[%clk 0:01:27]} exd4 {[%clk 0:02:31]} 15. e5
{[%clk 0:01:25]} Nxe5 {[%clk 0:02:14]} 16. Nxe5 {[%clk 0:01:23]} Bxe5
{[%clk 0:02:15]} 17. Re1 {[%clk 0:01:23]} Ng6 {[%clk 0:02:13]} 18. f4
{[%clk 0:01:14]} b6 {[%clk 0:02:14]} 19. fxe5 {[%clk 0:01:02]} bxc5
{[%clk 0:02:13]} 20. Bxa8 {[%clk 0:01:01]} Qxa8 {[%clk 0:02:11]} 21. Nxc5
{[%clk 0:01:01]} Bd5 {[%clk 0:02:09]} 22. Qa4+ {[%clk 0:00:55]} c6
{[%clk 0:02:01]} 23. Qxd4 {[%clk 0:00:54]} O-O {[%clk 0:02:02]} 24. e6
{[%clk 0:00:50]} f4 {[%clk 0:02:02]} 25. Nd7 {[%clk 0:00:42]} Re8
{[%clk 0:01:42]} 26. Nb6 {[%clk 0:00:37]} Qa7 {[%clk 0:01:37]} 27. Rad1
{[%clk 0:00:31]} Bb3 {[%clk 0:01:37]} 28. Nc4 {[%clk 0:00:22]} Qb8
{[%clk 0:01:10]} 29. Rd3 {[%clk 0:00:14]} fxg3 {[%clk 0:01:07]} 30. Rxg3
{[%clk 0:00:13]} c5 {[%clk 0:00:44]} 31. Qd5 {[%clk 0:00:09]} Nf4
{[%clk 0:00:41]} 32. Qe5 {[%clk 0:00:06]} Qxe5 {[%clk 0:00:34]} 33. Nxe5
{[%clk 0:00:07]} Bxe6 {[%clk 0:00:31]} 34. Nd3 {[%clk 0:00:08]} Nh5
{[%clk 0:00:18]} 35. Rge3 Rd8 36. Nxc5 {[%clk 0:00:07]} Bf7 {[%clk 0:00:21]} 37.
Rd3 {[%clk 0:00:08]} Rc8 {[%clk 0:00:22]} 38. b4 {[%clk 0:00:09]} axb4
{[%clk 0:00:23]} 39. axb4 {[%clk 0:00:10]} Nf4 {[%clk 0:00:24]} 40. Ra3
{[%clk 0:00:08]} Nd5 {[%clk 0:00:26]} 41. Na6 {[%clk 0:00:06]} g5
{[%clk 0:00:26]} 42. b5 {[%clk 0:00:07]} Rc2 {[%clk 0:00:27]} 43. Rg3
{[%clk 0:00:05]} h6 {[%clk 0:00:28]} 44. Nb8 {[%clk 0:00:06]} Rb2
{[%clk 0:00:29]} 45. Nc6 {[%clk 0:00:06]} Nf4 {[%clk 0:00:24]} 46. Nd4
{[%clk 0:00:06]} Rb4 {[%clk 0:00:25]} 47. Nf5 {[%clk 0:00:07]} Kh7
{[%clk 0:00:26]} 48. Re7 {[%clk 0:00:07]} Kg6 {[%clk 0:00:27]} 49. Nd6
{[%clk 0:00:08]} Bd5 {[%clk 0:00:28]} 50. Ra3 {[%clk 0:00:06]} Rb2
{[%clk 0:00:26]} 51. Ra6 {[%clk 0:00:06]} Kh5 {[%clk 0:00:16]} 52. Nf5
{[%clk 0:00:07]} Nh3+ {[%clk 0:00:11]} 53. Kf1 Rf2+ 54. Ke1 {[%clk 0:00:10]} Rxf5
{[%clk 0:00:14]} 55. b6 {[%clk 0:00:11]} Rf4 {[%clk 0:00:13]} 56. Ra5
{[%clk 0:00:11]} Bg2 {[%clk 0:00:14]} 57. Rb5 {[%clk 0:00:12]} Rf1+
{[%clk 0:00:14]} 58. Ke2 {[%clk 0:00:13]} Nf4+ 59. Kd2 Rf2+ {[%clk 0:00:14]} 60.
Kc1 {[%clk 0:00:14]} Nd3+ {[%clk 0:00:14]} 61. Kb1 {[%clk 0:00:15]} Bc6
{[%clk 0:00:15]} 62. Rb3 {[%clk 0:00:14]} Nc5 {[%clk 0:00:11]} 63. Rc3
{[%clk 0:00:14]} Be4+ {[%clk 0:00:12]} 64. Ka1 {[%clk 0:00:09]} Rf1+
{[%clk 0:00:13]} 65. Kb2 {[%clk 0:00:10]} Na4+ {[%clk 0:00:15]} 66. Kb3
{[%clk 0:00:10]} Nxc3 {[%clk 0:00:15]} 67. Kxc3 {[%clk 0:00:11]} Bh1
{[%clk 0:00:14]} 68. b7 {[%clk 0:00:11]} Rb1 {[%clk 0:00:15]} 69. Re1
{[%clk 0:00:12]} Rxb7 {[%clk 0:00:14]} 70. Rxh1 {[%clk 0:00:12]} Kg4
{[%clk 0:00:16]} 71. Kd4 {[%clk 0:00:13]} Kh3 {[%clk 0:00:17]} 72. Ke5
{[%clk 0:00:13]} Rb2 {[%clk 0:00:15]} 73. Kf5 {[%clk 0:00:15]} Rxh2 74. Ra1 g4
{[%clk 0:00:15]} 0-1

[Event "M.Botvinnik Memorial 2012 Blitz"]
[Site "St. Petersburg"]
[Date "2012.08.24"]
[Round "10.7"]
[White "Matlakov, Maxim"]
[Black "Kovalenko, Igor"]
[Result "1-0"]
[LiveChessVersion "1.3.1"]
[BlackElo "2650"]
[WhiteElo "2663"]

1. c4 e6 2. g3 d5 3. Bg2 Nf6 4. Nf3 Be7 5. b3 O-O 6. O-O b6 7. Bb2 Bb7 8. e3 c5
9. Qe2 dxc4 10. bxc4 Nc6 11. Rd1 Rc8 12. Nc3 Qc7 13. d3 Rfd8 14. Rab1 Qb8 15. Ne1
Rd7 16. f4 Rcd8 17. a3 Qa8 18. g4 Na5 19. g5 Ne8 20. Nf3 Nd6 21. Ne5 Bxg2 22.
Qxg2 Qxg2+ 23. Kxg2 Rc7 24. Kf3 Nc6 25. Nxc6 Rxc6 26. a4 Rd7 27. Ke2 Bd8 28. Ra1
Rc8 29. Ne4 Kf8 30. Ng3 Nf5 31. Bc3 Bc7 32. a5 bxa5 33. Bxa5 Bxa5 34. Rxa5 Rb7
35. Rd2 Nd6 36. Rda2 Rcc7 37. Ra6 Ke7 38. h4 f5 39. gxf6+ gxf6 40. Kf3 f5 41. Nh5
Rd7 42. R2a3 Ne8 43. Ng3 Nf6 44. Ne2 Ng4 45. e4 Nh2+ 46. Ke3 Ng4+ 47. Kf3 Kf7 48.
exf5 exf5 49. Ng3 Rb2 50. Nxf5 Nh2+ 51. Kg3 Nf1+ 52. Kf3 Nh2+ 53. Ke3 Ng4+ 54.
Kf3 Nh2+ 55. Kg3 Nf1+ 56. Kf3 Nh2+ 57. Ke3 Ng4+ 58. Kf3 Nh2+ 59. Ke3 Ng4+ 60. Kf3
Nh2+ 61. Ke4 Re2+ 62. Ne3 Re7+ 63. Kd5 R2xe3 64. Kxc5 Ng4 65. Rxa7 Nf6 66. d4
Rxa3 67. Rxa3 Rc7+ 68. Kb5 Ke6 69. Re3+ Kf5 70. c5 Kxf4 71. Re6 Kf5 72. Re5+ Kf4
73. c6 Rc8 74. Kb6 Ne4 75. c7 Rg8 76. Re6 Kf5 77. Rc6 Rc8 78. Kb7 Re8 79. c8=Q+
Rxc8 80. Kxc8 Kg4 81. Rh6 Kf5 82. Rxh7 1-0

[Event "M.Botvinnik Memorial 2012 Blitz"]
[Site "St. Petersburg"]
[Date "2012.08.24"]
[Round "10.8"]
[White "Baghdasaryan, Vahe"]
[Black "Timofeev, Artyom"]
[Result "1-0"]
[LiveChessVersion "1.3.1"]
[BlackElo "2639"]
[WhiteElo "2437"]

1. e4 e6 2. d4 d5 3. Nc3 Nc6 4. Nf3 Nf6 5. Bg5 Be7 6. e5 Ne4 7. Bxe7 Qxe7 8. Bd3
Qb4 9. O-O Nxc3 10. bxc3 Qxc3 11. Rb1 Na5 12. Ng5 h6 13. Qf3 Bd7 14. Qxf7+ Kd8
15. Qxg7 Re8 16. Nf7+ Kc8 17. Rfd1 Nc6 18. Nxh6 Nxd4 19. Ng4 Rd8 20. Nf6 a5 21.
Qg4 b6 22. Bf1 Nf5 23. Nxd7 Kxd7 24. Bb5+ Ke7 25. Qg5+ Kf8 26. Qf6+ Kg8 27. Qxe6+
1-0

[Event "M.Botvinnik Memorial 2012 Blitz"]
[Site "St. Petersburg"]
[Date "2012.08.24"]
[Round "10.9"]
[White "Ovetchkin, Roman"]
[Black "Lysyj, Igor"]
[Result "1-0"]
[LiveChessVersion "1.3.1"]
[BlackElo "2604"]
[WhiteElo "2525"]

1. d4 Nf6 2. c4 e6 3. Nc3 Bb4 4. Bg5 c5 5. d5 exd5 6. cxd5 d6 7. e3 Nbd7 8. Bd3
Qa5 9. Nge2 Nxd5 10. O-O Bxc3 11. bxc3 c4 12. Be4 N5f6 13. Bxf6 Nxf6 14. Bf3 d5
15. Qd4 O-O 16. g4 Be6 17. Rfb1 b6 18. a4 Rad8 19. g5 Ne4 20. h4 Qc5 21. Bxe4
dxe4 22. Qxc5 bxc5 23. Nf4 Rb8 24. Rb5 Rbc8 25. Rd1 Rc7 26. Rd6 Re8 27. Kg2 g6
28. Kg3 Kf8 29. Nd5 Bxd5 30. Rxd5 Rec8 31. Kf4 Rc6 32. Kxe4 R8c7 33. a5 Ke7 34.
Kf4 Ke6 35. e4 Ke7 36. Ke3 Ke6 37. f4 f6 38. Kf3 Ke7 39. f5 Kf7 40. Kf4 Ke7 41.
gxf6+ Kxf6 42. e5+ Kf7 43. f6 Ke6 44. Rd8 h6 45. Re8+ Kf7 46. Rh8 Ke6 47. Rbb8
g5+ 48. hxg5 hxg5+ 49. Ke4 Rd7 50. Rbe8+ Kf7 51. Rhf8+ Kg6 52. Rg8+ Kh5 53. Kf5
Kh4 54. Rxg5 Rh7 55. Rg4+ Kh3 56. Rgg8 Rh5+ 57. Kf4 Rh4+ 58. Kf3 Rh6 59. Rh8 1-0

[Event "M.Botvinnik Memorial 2012 Blitz"]
[Site "St. Petersburg"]
[Date "2012.08.24"]
[Round "10.10"]
[White "Aleksandrov, Aleksej"]
[Black "Fedoseev, Vladimir"]
[Result "1-0"]
[LiveChessVersion "1.3.1"]
[BlackElo "2506"]
[WhiteElo "2583"]

1. d4 Nf6 2. c4 g6 3. f3 Bg7 4. e4 d6 5. Be3 O-O 6. Ne2 Nbd7 7. Qd2 c5 8. d5 b5
9. cxb5 a6 10. Nec3 axb5 11. Bxb5 Ba6 12. Bxa6 Rxa6 13. O-O Qa8 14. Na3 Rb8 15.
Nc4 Nb6 16. Nxb6 Rbxb6 17. e5 Nd7 18. e6 Ne5 19. exf7+ Kxf7 20. Qe2 Qb8 21. Rab1
Nd7 22. Bd2 Bd4+ 23. Kh1 Nf8 24. b3 Qa8 25. a4 Bxc3 26. Bxc3 Qxd5 27. f4 e6 28.
Ba1 Ra7 29. Qb2 Ke8 30. Rfe1 Rb4 31. Rbd1 Qc6 32. Qh8 Rxf4 33. Rxe6+ Kd7 34.
Rexd6+ Qxd6 35. Rxd6+ Kc7 36. Rd1 Rf7 37. Qe5+ Kb6 38. Qd6+ 1-0

[Event "M.Botvinnik Memorial 2012 Blitz"]
[Site "St. Petersburg"]
[Date "2012.08.24"]
[Round "10.11"]
[White "Ulanov, Alexandr"]
[Black "Epishin, Vladimir"]
[Result "0-1"]
[LiveChessVersion "1.3.1"]
[BlackElo "2576"]
[WhiteElo "2360"]

1. d4 {[%clk 0:02:57]} Nf6 {[%clk 0:03:02]} 2. Nf3 {[%clk 0:02:58]} d6
{[%clk 0:03:03]} 3. g3 {[%clk 0:02:57]} Nbd7 {[%clk 0:03:04]} 4. Bg2 e5 5. O-O
Be7 6. c4 {[%clk 0:02:59]} O-O {[%clk 0:03:08]} 7. Nc3 {[%clk 0:02:59]} c6
{[%clk 0:03:09]} 8. h3 {[%clk 0:02:58]} a6 {[%clk 0:03:06]} 9. Be3
{[%clk 0:02:47]} Re8 {[%clk 0:03:01]} 10. Qc2 {[%clk 0:02:45]} h6
{[%clk 0:02:50]} 11. Rad1 {[%clk 0:02:36]} Qc7 {[%clk 0:02:39]} 12. b4
{[%clk 0:01:51]} Bf8 {[%clk 0:02:34]} 13. c5 {[%clk 0:01:49]} d5 {[%clk 0:02:19]}
14. dxe5 {[%clk 0:01:50]} Nxe5 {[%clk 0:02:19]} 15. Nxe5 {[%clk 0:01:25]} Qxe5
{[%clk 0:02:20]} 16. Bd4 {[%clk 0:01:18]} Qe7 {[%clk 0:02:20]} 17. Rfe1
{[%clk 0:00:35]} Ne4 {[%clk 0:01:58]} 18. Nxe4 {[%clk 0:00:36]} dxe4
{[%clk 0:01:59]} 19. a4 {[%clk 0:00:30]} Bf5 {[%clk 0:01:50]} 20. e3
{[%clk 0:00:24]} Rad8 {[%clk 0:01:39]} 21. Rb1 {[%clk 0:00:15]} Qe6
{[%clk 0:01:36]} 22. Rbd1 {[%clk 0:00:13]} Bxh3 {[%clk 0:01:34]} 23. Bh1
{[%clk 0:00:10]} Bg4 {[%clk 0:01:31]} 24. Rb1 h5 {[%clk 0:01:27]} 25. b5
{[%clk 0:00:09]} axb5 {[%clk 0:01:28]} 26. axb5 {[%clk 0:00:11]} h4
{[%clk 0:01:27]} 27. bxc6 {[%clk 0:00:12]} bxc6 {[%clk 0:01:26]} 28. Bg2
{[%clk 0:00:12]} Bf3 {[%clk 0:01:20]} 29. Bf1 {[%clk 0:00:07]} Qg4
{[%clk 0:01:17]} 30. Kh2 {[%clk 0:00:06]} hxg3+ {[%clk 0:01:12]} 31. fxg3 Re6 0-1

[Event "M.Botvinnik Memorial 2012 Blitz"]
[Site "St. Petersburg"]
[Date "2012.08.24"]
[Round "10.12"]
[White "Maslak, Konstantin"]
[Black "Yakovich, Yuri"]
[Result "0-1"]
[LiveChessVersion "1.3.1"]
[BlackElo "2525"]
[WhiteElo "2566"]

1. e4 {[%clk 0:03:02]} c5 {[%clk 0:03:03]} 2. Ne2 {[%clk 0:03:03]} Nc6
{[%clk 0:03:05]} 3. Nbc3 {[%clk 0:03:02]} g6 {[%clk 0:03:03]} 4. g3
{[%clk 0:03:01]} Bg7 {[%clk 0:03:04]} 5. Bg2 e5 6. Nd5 {[%clk 0:02:53]} Nge7
{[%clk 0:03:02]} 7. Nec3 {[%clk 0:02:54]} d6 {[%clk 0:03:02]} 8. d3
{[%clk 0:02:55]} O-O {[%clk 0:03:00]} 9. O-O {[%clk 0:02:55]} Nxd5
{[%clk 0:02:58]} 10. Nxd5 {[%clk 0:02:54]} Ne7 {[%clk 0:03:00]} 11. c4
{[%clk 0:02:15]} Nxd5 {[%clk 0:02:59]} 12. cxd5 {[%clk 0:02:16]} Bd7
{[%clk 0:02:53]} 13. Rb1 {[%clk 0:02:01]} a5 {[%clk 0:02:53]} 14. f4
{[%clk 0:01:59]} exf4 {[%clk 0:02:48]} 15. Bxf4 {[%clk 0:01:57]} Qe7
{[%clk 0:02:45]} 16. Qd2 {[%clk 0:01:49]} a4 {[%clk 0:02:44]} 17. Bg5
{[%clk 0:01:44]} Bd4+ {[%clk 0:02:30]} 18. Kh1 {[%clk 0:01:42]} f6
{[%clk 0:02:31]} 19. Bf4 {[%clk 0:01:37]} b5 {[%clk 0:02:26]} 20. Rbe1
{[%clk 0:01:23]} Rae8 {[%clk 0:02:11]} 21. h4 {[%clk 0:01:23]} b4
{[%clk 0:02:04]} 22. Be3 {[%clk 0:01:06]} Bxe3 {[%clk 0:01:59]} 23. Rxe3
{[%clk 0:01:06]} Qe5 {[%clk 0:01:59]} 24. Ref3 {[%clk 0:00:57]} Kg7
{[%clk 0:02:00]} 25. Kh2 {[%clk 0:00:54]} g5 {[%clk 0:01:35]} 26. Rf5
{[%clk 0:00:16]} Bxf5 {[%clk 0:01:30]} 27. Rxf5 {[%clk 0:00:17]} Qe7
{[%clk 0:01:26]} 28. Bf3 {[%clk 0:00:07]} h6 {[%clk 0:01:10]} 29. Bh5
{[%clk 0:00:08]} Rb8 {[%clk 0:01:11]} 30. Bg4 {[%clk 0:00:08]} a3
{[%clk 0:01:07]} 31. b3 {[%clk 0:00:09]} Qf7 {[%clk 0:00:56]} 32. h5
{[%clk 0:00:09]} Rbe8 {[%clk 0:00:56]} 33. Qf2 {[%clk 0:00:08]} Re5
{[%clk 0:00:55]} 34. Kh3 {[%clk 0:00:07]} Rfe8 {[%clk 0:00:52]} 35. Bd1
{[%clk 0:00:05]} Rxf5 {[%clk 0:00:48]} 36. Qxf5 {[%clk 0:00:06]} Re5
{[%clk 0:00:49]} 37. Qc8 {[%clk 0:00:04]} f5 {[%clk 0:00:48]} 38. Kg2
{[%clk 0:00:05]} fxe4 {[%clk 0:00:47]} 39. dxe4 {[%clk 0:00:05]} Rxe4
{[%clk 0:00:46]} 40. Kh3 {[%clk 0:00:05]} Qf1+ {[%clk 0:00:43]} 41. Kh2
{[%clk 0:00:04]} Re7 {[%clk 0:00:35]} 42. Qd8 {[%clk 0:00:04]} Rf7
{[%clk 0:00:35]} 43. Qxd6 {[%clk 0:00:04]} Rf2# 0-1

[Event "M.Botvinnik Memorial 2012 Blitz"]
[Site "St. Petersburg"]
[Date "2012.08.24"]
[Round "11.1"]
[White "Hovhannisyan, Robert"]
[Black "Bukavshin, Ivan"]
[Result "1/2-1/2"]
[LiveChessVersion "1.3.1"]
[BlackElo "2609"]
[WhiteElo "2587"]

1. e4 {[%clk 0:03:03]} c5 {[%clk 0:03:02]} 2. Nf3 {[%clk 0:03:04]} e6
{[%clk 0:03:04]} 3. d4 {[%clk 0:03:04]} cxd4 {[%clk 0:03:04]} 4. Nxd4
{[%clk 0:03:05]} Nc6 {[%clk 0:03:05]} 5. Nc3 {[%clk 0:03:06]} Qc7
{[%clk 0:03:06]} 6. g3 {[%clk 0:03:04]} a6 {[%clk 0:02:58]} 7. Bg2
{[%clk 0:03:05]} Nf6 {[%clk 0:02:58]} 8. O-O {[%clk 0:03:05]} d6 {[%clk 0:02:59]}
9. Re1 {[%clk 0:02:59]} Nd7 {[%clk 0:03:00]} 10. Bg5 {[%clk 0:02:52]} Nde5
{[%clk 0:02:50]} 11. Nxc6 {[%clk 0:01:59]} bxc6 {[%clk 0:02:51]} 12. Na4
{[%clk 0:01:51]} Rb8 {[%clk 0:02:39]} 13. b3 {[%clk 0:01:51]} c5 {[%clk 0:02:30]}
14. Qd2 {[%clk 0:01:38]} h6 {[%clk 0:02:19]} 15. Bf4 {[%clk 0:01:39]} Be7
{[%clk 0:02:08]} 16. Rad1 {[%clk 0:01:36]} O-O {[%clk 0:02:02]} 17. Bxe5
{[%clk 0:01:27]} dxe5 {[%clk 0:02:03]} 18. Bf1 {[%clk 0:01:24]} Rd8
{[%clk 0:01:58]} 19. Qe3 {[%clk 0:01:13]} Bb7 {[%clk 0:01:37]} 20. Bc4
{[%clk 0:01:11]} a5 {[%clk 0:01:28]} 21. Qe2 {[%clk 0:01:07]} Rd4
{[%clk 0:01:27]} 22. f3 {[%clk 0:01:01]} Rbd8 {[%clk 0:01:23]} 23. c3
{[%clk 0:01:03]} Rxd1 {[%clk 0:01:08]} 24. Rxd1 {[%clk 0:01:04]} Bc6
{[%clk 0:01:08]} 25. Rxd8+ {[%clk 0:00:56]} Qxd8 {[%clk 0:01:08]} 1/2-1/2